000
00344 a2200157 4500
001
184786
020
_a
85-7272-210-6
040
_c
Magnum
100
_a
Machado, Ana Maria
240
1
0
_a
O cavaleiro do sonho
_l
por
245
1
0
_a
O cavaleiro do sonho
300
_a
362
0
_a
2005
697
_a
LITERATURA INFANTO-JUVENIL
942
_c
BK
999
_c
184786
_d
184786